000
00318nam a2200133Ia 4500
008
150301s2015 xx 000 0 und d
082
_a
403
_b
O14O
100
_a
OXFORD
245
_a
OXFORD HINDI ENGLISH DICTIONARY
260
_b
OXPORD UNIVERSITY PRESS
300
_a
1082
650
_a
PHARMACEUTICS
942
_2
ddc
_c
BK
999
_c
7333
_d
7333